Vista normal
Vista MARC
Entrada Personal Name
Número de registros utilizados en: 1
001 - CONTROL NUMBER
- control field: 4050
003 - CONTROL NUMBER IDENTIFIER
- control field: OSt
005 - DATE AND TIME OF LATEST TRANSACTION
- control field: 20200507095114.0
008 - FIXED-LENGTH DATA ELEMENTS
- fixed length control field: 200507|| aca||aabn | a|a d
040 ## - CATALOGING SOURCE
- Original cataloging agency: OSt
- Transcribing agency: OSt
100 ## - HEADING--PERSONAL NAME
- Personal name: Maurás, Marta,
670 ## - SOURCE DATA FOUND
- Source citation: Work cat.: (OSt)5042: Kaluf, Cecilia, autora 4047, Regreso a casa: , 1998